000 00697nam a22002172 4500
001 0000021286
005 20151217154454.0
008 120307s xx 000 0 eng d
020 _a8175542292 :
040 _aKABU
_cKABU
245 1 4 _aThe Earthscan reader on NGO management /
_cedited by Michael Edwards and Alan Fowler.
250 _a1st ed.
260 _aNew Delhi :
_bEarthscan India,
_c2003.
300 _axiv, 464 p.
650 0 _aNon-governmental organizations
_xManagement.
_@0000182090
700 1 _aEdwards, Michael.
_@0000161074
700 1 _aFowler, Alan.
_@0000182091
852 1 _9p10670 KES
908 _a120307
950 _@1
999 _c11421
_d11421